[Event "Asian Junior-ch 2017-Open"]
[Site "Shiraz"]
[Date "2017.05.08"]
[Round "7"]
[White "Harsha Bharathakoti"]
[Black "Firouzja, Alireza"]
[Result "0-1"]
[WhiteElo "2413"]
[BlackElo "2487"]
[Annotator "TA"]
[PlyCount "104"]
[EventDate "2017.??.??"]
[EventType "swiss"]
[EventCountry "IRI"]
[SourceTitle "playchess.com"]
[Source "ChessBase"]
[SourceQuality "1"]

{[%evp 19,104,-4,-5,-14,15,3,9,8,0,-12,-6,-20,-20,-26,-22,-25,-14,-35,-7,-20,-27,-18,16,16,13,7,10,10,18,0,6,0,0,0,0,0,7,0,0,0,7,14,27,5,14,0,0,0,0,0,16,0,20,0,9,0,13,0,17,0,65,68,57,56,61,62,130,105,131,128,109,113,215,-370,-363,-343,-347,-495,-514,-640,-614,-609,-602,-486,-517,-1415,-1289]} 1. e4 c5 2. Nf3 e6 3. g3 Nc6 4. Bg2 Nf6 5. Qe2 e5 6. O-O {B40: Sicilian: 2...e6, Unusual lines} Be7 7. c3 O-O 8. d3 h6 (8... Re8 9. a4 Bf8 10. Na3 d5 11. exd5 Nxd5 12. Nc4 f6 {0-1 (58) Andriasian,Z (2621)-Ponomariov,R (2709) Tallinn 2016}) 9. Na3 {[%cal Bb1a3,Ba3c4,Bc4e3][%mdl 32]} Re8 10. Nc4 Bf8 {LiveBook: 8 Games} 11. Rd1 g6 $146 ({Predecessor:} 11... d6 12. a3 Be6 {½-½ (59) Theodorou,N (2487)-Kapnisis,S (2451) Heraklion 2017}) 12. h3 d6 13. Ne3 Bg7 14. Nd2 Be6 15. Ng4 Qd7 {[%cal Rf6g4]} 16. Nxf6+ Bxf6 17. Nc4 Bg7 18. Kh2 d5 19. Ne3 {[%cal Re4d5]} d4 20. Nd5 Bxd5 21. exd5 Ne7 22. c4 a5 23. Re1 Nf5 24. Qc2 Nd6 25. Bd2 Re7 26. Re2 b6 27. Rae1 Rae8 28. a3 (28. Qb3 $5 {[%cal Rb3b6]} Qb7 29. a3 $14) 28... f5 29. b4 axb4 30. axb4 Kh7 (30... e4 $5) 31. bxc5 bxc5 32. Qb3 Qa7 33. Bc1 Ra8 34. Qc2 Qa6 35. h4 Rae8 36. Qa2 Ra7 37. Qc2 Rae7 38. Qa2 Ra7 39. Qc2 (39. Qb3 {with more complications.} Bf6 40. Qd1 Qa5 41. Rb2 Kg7 42. Bd2) 39... Qa4 (39... Rae7 $11) 40. Qxa4 $14 Rxa4 41. Bf4 {[%cal Rf4e5]} Nf7 (41... Ra3 $6 42. Bxe5 Rxe5 43. Rxe5 $16) 42. d6 e4 (42... Rd8 $14 43. Bd5 (43. Bc6 Ra3 $11) 43... Ra7) 43. dxe4 $16 d3 {[%cal Bd4d3,Bd3d2][%mdl 32]} 44. Re3 g5 45. exf5 Rf8 (45... Rxe3 $16 {might work better.} 46. Bxe3 Nxd6) 46. Be5 $4 {[%mdl 8192] [#]} (46. hxg5 $18 {and all is fine.} hxg5 47. Bxg5 (47. Rxd3 gxf4 48. d7 fxg3+ 49. fxg3 Bf6 $16) 47... Nxg5 48. Rxd3) 46... Nxe5 $19 47. Rxe5 d2 48. f6 (48. Re7 {was necessary.} dxe1=R 49. Rxe1) 48... Bxf6 {Black is clearly winning.} (48... dxe1=R $2 49. fxg7 Kxg7 50. Rxe1 $17) ({Don't do} 48... dxe1=Q 49. Rxe1 Bxf6 50. hxg5 $19) (48... dxe1=N 49. Be4+ Kh8 50. fxg7+ Kxg7 51. d7 $11) (48... dxe1=B 49. fxg7 Kxg7 50. Rxe1 $17) 49. Re7+ Bxe7 50. dxe7 Re8 ({Not} 50... dxe1=Q 51. exf8=Q Ra2 52. Qf5+ Kh8 53. Qc8+ (53. Qxc5 Qxf2 54. Qc8+ Kh7 $15) 53... Kg7 54. Qc7+ Kh8 55. Qd8+ Kh7 56. Qc7+ Kh8 57. Qc8+ Kg7 58. Qd7+ Kh8 59. Qd8+ Kh7 60. Qd7+ Kh8 61. Qd8+ $11) 51. Rd1 {[#] Be4+ is the strong threat.} Ra2 52. hxg5 (52. Be4+ $142 Kg7 53. f3) 52... Rxe7 {Precision: White = 39%, Black = 60%.} 0-1

[Event "Asian Junior-ch 2017-Open"]
[Site "Shiraz"]
[Date "2017.05.08"]
[Round "7"]
[White "Khodashenas, Mersad"]
[Black "Tran, Tuan Minh"]
[Result "0-1"]
[WhiteElo "2410"]
[BlackElo "2537"]
[Annotator "TA"]
[PlyCount "116"]
[EventDate "2017.??.??"]
[EventType "swiss"]
[EventCountry "IRI"]
[SourceTitle "playchess.com"]
[Source "ChessBase"]
[SourceQuality "1"]

{[%evp 19,116,50,51,50,42,37,51,27,33,26,51,47,60,68,81,102,80,80,85,66,104,112,100,74,78,81,118,118,118,93,80,74,123,126,181,183,172,177,241,116,165,168,169,162,143,150,289,309,295,317,304,296,298,290,328,324,304,272,263,286,333,338,365,357,363,350,395,389,528,528,510,511,484,444,389,0,146,148,147,-24,-35,-29948,-188,-29947,-29952,-4952,-4934,-29991,-29992,-29992,-29993,-29993,-29994,-29994,-29995,-29995,-29996,-29996,-483]} 1. Nf3 c5 2. c4 g6 3. Nc3 Bg7 4. d4 cxd4 5. Nxd4 Nc6 6. Nc2 d6 7. Bd2 Nf6 8. e4 O-O 9. Be2 Bd7 10. O-O Rc8 11. b3 {B37: Sicilian: Maroczy Bind with 5...Bg7, sidelines} (11. Kh1 a6 12. b3 Ne8 13. Rc1 Nd4 14. Nxd4 Bxd4 15. Nd5 e6 16. Bh6 Bg7 17. Bxg7 Nxg7 18. Ne3 Bc6 {0-1 (37) Siebrecht,S (2490)-Thorfinnsson,B (2417) Differdange 2008}) 11... a6 12. Rc1 Ne8 $146 ({Predecessor:} 12... Re8 13. Kh1 Qc7 14. Bg5 Qb8 15. Ne3 h6 16. Bh4 e5 17. Bxf6 Bxf6 18. Ncd5 Bg7 {1-0 (55) Adrian,C (2264)-Roblet,C (2119) Sainte Marie 2005}) 13. Bg4 {White is slightly better.} e6 14. Be2 Nc7 15. Na4 Qe7 16. Be3 Rfd8 17. Nb6 Rb8 18. Qd2 Be8 19. f4 f5 20. exf5 gxf5 21. Bf3 Qf6 22. Rcd1 Bf7 23. Qf2 Ne8 24. Bxc6 bxc6 25. c5 Qe7 26. Nc4 d5 (26... dxc5 $16 {might work better.} 27. Bxc5 Qb7) 27. Ne5 $18 Rbc8 28. Nd4 Qb7 (28... Bxe5 {is a better defense.} 29. fxe5 Rd7 30. Qg3+ Bg6) 29. Ndf3 (29. Qg3 Nf6 $11) (29. g4 $18 {has better winning chances.}) 29... Qe7 30. Qe2 $1 Nf6 31. Qxa6 Be8 32. Nd4 {[%cal Re5c6]} Qxc5 {[#]} (32... Ra8 $16 {was necessary.} 33. Qb6 (33. Ndxc6 Bxc6 34. Qxc6 Ne4 $14) (33. Nexc6 Rxa6 34. Nxe7+ Kf7 $15) 33... Rdc8) 33. Nxf5 $1 {[%mdl 512]} Qf8 (33... exf5 34. Bxc5) 34. Nxg7 Qxg7 35. Bd4 Ra8 36. Qe2 c5 37. Bxc5 Bh5 38. Nf3 Ne4 39. Bd4 Qg6 40. Rc1 Rdc8 41. Rxc8+ Rxc8 42. Qa6 Rf8 43. Ne5 Qh6 44. Nd7 Re8 45. f5 Qd2 46. Qa7 $1 exf5 47. Nf8 $2 (47. Be3 $18 Qb4 48. Rxf5) 47... Bf7 (47... Re7 $11 48. Nd7 (48. Qxe7 {gets mated.} Qxd4+ 49. Kh1 Nf2+ 50. Kg1 Nh3+ 51. Kh1 Qg1+ 52. Rxg1 Nf2#) 48... Be8 49. Nf6+ Nxf6 50. Qxe7 Qxd4+ 51. Kh1 Qd3 52. Qe6+ Kg7 53. Qxf5 Qxf5 54. Rxf5 Kg6) 48. Be3 $1 $16 {[%cal Re3d2]} ({Reject} 48. Nxh7 $6 Qh6 $11) 48... Qe2 {[#]} 49. Nxh7 $2 (49. Nd7 $1 $16 Re6 50. Bd4 (50. Rxf5 Nd6 $11)) 49... Qh5 $36 {[%mdl 2048] White is under pressure.} 50. g4 $2 {[%mdl 8192]} (50. a4 $15) 50... Qxg4+ 51. Kh1 {[#] Strongly threatening Rg1.} d4 $1 52. Qxd4 Kxh7 53. Qd7 {[#]} Ng3+ $1 {[%mdl 512] Black mates.} 54. hxg3 Qh3+ 55. Kg1 Qxg3+ 56. Kh1 Qh3+ 57. Kg1 Rg8+ 58. Kf2 Rg2+ {Precision: White = 62%, Black = 53%.} 0-1

[Event "Asian Junior-ch 2017-Open"]
[Site "Shiraz"]
[Date "2017.05.08"]
[Round "7"]
[White "Gholami Orimi, Mahdi"]
[Black "Daneshvar, Bardiya"]
[Result "1-0"]
[WhiteElo "2256"]
[BlackElo "2105"]
[Annotator "TA"]
[PlyCount "47"]
[EventDate "2017.??.??"]
[EventType "swiss"]
[EventCountry "IRI"]
[SourceTitle "playchess.com"]
[Source "ChessBase"]
[SourceQuality "1"]

{[%evp 20,47,-6,-2,49,53,43,43,49,53,40,37,75,60,87,40,102,111,232,217,230,230,238,245,366,379,492,498,693,709]} 1. d4 Nf6 2. c4 g6 3. Nf3 Bg7 4. g3 d5 5. cxd5 Nxd5 6. Bg2 O-O 7. O-O Nc6 8. Nc3 Nb6 9. d5 Na5 10. Nd4 c6 11. e4 {[%cal Be2e4,Be4d5][%mdl 32]} e5 {D76: Fianchetto Grünfeld: Main Line with 7...Nb6} (11... cxd5 $11 12. exd5 (12. Nxd5 e6 $15) 12... e6) (11... cxd5 12. exd5 Nac4 13. b3 Nd6 14. Re1 Re8 15. Bg5 Nf5 16. Nxf5 Bxf5 17. Rc1 Rc8 18. Nb5 Qd7 19. Rxc8 Nxc8 20. Nd4 {½-½ (40) Anand,V (2801)-Ponomariov,R (2705) Moscow 2007}) 12. Nb3 $14 Nxb3 13. Qxb3 cxd5 {White is slightly better.} 14. exd5 Bf5 $146 ({Predecessor:} 14... Kh8 15. Be3 Nd7 16. Rac1 f5 17. Nb5 f4 18. Bxa7 Qa5 19. Bh3 Rxa7 20. Nxa7 Qxa7 21. Rxc8 Rxc8 22. Bxd7 {1-0 (55) Napoli,N (2318)-Bartolini,T (2185) Arvier 2008}) 15. Be3 Re8 16. Rfd1 e4 17. Nb5 Bg4 (17... a6 $1 $14 18. Na7 Nc8 19. Nxc8 (19. Qxb7 $2 Nxa7 20. d6 Qc8 $19) 19... Qxc8) 18. Rd2 $16 Nd7 (18... Qd7 $16 {is a better defense.}) 19. Nd6 $18 Re5 20. Nxe4 ({Resist} 20. Qxb7 $6 Rb8) 20... Qe7 21. f3 Bh5 (21... Bf5 $142 22. Bd4 Bxe4) 22. Bd4 {[%cal Be3d4,Bd4e5,Be5d6][%mdl 32]} Bh6 {With the idea ...Rxe4.} 23. Bxe5 Bxd2 24. Bd6 {Precision: White = 97%, Black = 25%.} 1-0

[Event "Asian Junior-ch 2017-Open"]
[Site "Shiraz"]
[Date "2017.05.08"]
[Round "7"]
[White "Taalaibekov, Tagir"]
[Black "Tran, Minh Thang"]
[Result "1-0"]
[WhiteElo "2213"]
[BlackElo "2409"]
[Annotator "TA"]
[PlyCount "109"]
[EventDate "2017.??.??"]
[EventType "swiss"]
[EventCountry "IRI"]
[SourceTitle "playchess.com"]
[Source "ChessBase"]
[SourceQuality "1"]

{[%evp 9,109,-15,-10,-20,-16,-29,-27,-29,-35,-38,-27,-32,-35,-48,-29,-31,-29,-25,-20,-28,-14,-33,-36,-45,-42,-78,-81,-75,-65,-91,-50,-50,-25,-66,-55,-83,-21,-35,0,-19,42,43,63,47,74,64,148,140,118,134,156,154,118,112,110,111,110,85,107,80,93,111,134,124,165,164,288,268,262,291,271,193,204,195,413,419,438,425,861,858,743,721,831,800,1056,1057,1528,1381,6213,6213,29970,29966,29985,29986,29985,29986,29986,29983,29983,29983,29981,29982]} 1. d4 Nf6 2. Nf3 b6 3. Nc3 Bb7 4. Bg5 d5 5. e3 e6 6. a3 {A47: 1 d4 Nf6 2 Nf3 b6: Torre, London and Colle Systems} (6. Bd3 Be7 7. Ne2 c5 8. c3 Nc6 9. Rc1 h6 10. Bh4 O-O 11. O-O {0-1 (37) Lai,H (2392)-Van Foreest,L (2453) Amsterdam 2017}) 6... Be7 7. Be2 O-O 8. O-O {Black has an edge.} c5 9. Ne5 $146 ({Predecessor:} 9. Bf4 Nh5 10. Bxb8 Rxb8 11. Ne5 Nf6 12. Bb5 Rc8 13. Be2 {0-1 (44) Schlemminger,D (1659)-Zwanepol,J (1920) Sooden Allendorf 2015}) 9... Ne8 10. Bxe7 Qxe7 11. Bf3 Nd6 12. Re1 f6 13. Nd3 Na6 14. Nf4 Rad8 (14... g5 $5 {[%cal Rg5f4]} 15. Nh5 Rac8 $11) 15. g3 Nc7 (15... g5 $5 {[%cal Rg5f4]} 16. Nfe2 Bc6 $15) 16. Qe2 Qf7 17. Rad1 Ba6 $1 {[%cal Ra6e2]} 18. Qd2 e5 {[%cal Be6e5,Be5e4][%mdl 32]} 19. Nfe2 e4 20. Bg2 g5 21. b3 {White wants to play dxc5.} c4 $1 22. Rf1 Qh5 ({Better is} 22... Bc8 $17) 23. f3 $11 Qg6 (23... Rde8 {feels hotter.} 24. Rf2 f5 25. fxe4 dxe4 26. b4 Bb7) 24. fxe4 Nxe4 (24... cxb3 $11 25. cxb3 dxe4) 25. Nxe4 $14 dxe4 26. Nc3 cxb3 27. Bxe4 f5 {[#]} (27... Qf7 $14) 28. Rxf5 $1 $16 {[%mdl 512]} Rxf5 29. g4 Qd6 30. Bxf5 b2 31. Rb1 {[%cal Bd1b1,Bb1b2,Bb2b3][%mdl 32]} Qxa3 32. Nd1 Nd5 33. Rxb2 Re8 34. Rb3 $36 {[%mdl 2048] White is in control.} Qa1 35. e4 Nf4 {[#] aiming for ...Be2.} 36. Re3 $1 Bc4 37. Re1 Ne2+ (37... Qa3 $142 38. Ne3 a5) 38. Rxe2 Bxe2 39. Qxe2 ({Worse is} 39. Qxg5+ Kh8 $11) 39... Qxd4+ 40. Nf2 a5 41. Qb5 Re5 $2 (41... Re7 {was necessary.} 42. c3 Qc5) 42. Qc6 $18 Qc5 43. Qh6 Kf7 (43... Qe7 $142 44. Qxb6 Rc5) 44. Qxh7+ Ke8 45. Kg2 b5 46. Qg8+ Ke7 47. Qxg5+ Kd6 48. Qd2+ Ke7 49. Nd3 Qd6 50. Qg5+ {White mates.} Qf6 51. Qxf6+ Kxf6 52. Nxe5 Kxe5 53. Bd7 a4 54. Bxb5 a3 55. Bc4 {Precision: White = 64%, Black = 33%.} 1-0

[Event "Asian Junior-ch 2017-Open"]
[Site "Shiraz"]
[Date "2017.05.08"]
[Round "7"]
[White "Kumar, Gaurav"]
[Black "Mohammad Nubairshah Shaikh"]
[Result "1-0"]
[WhiteElo "2176"]
[BlackElo "2408"]
[Annotator "TA"]
[PlyCount "85"]
[EventDate "2017.??.??"]
[EventType "swiss"]
[EventCountry "IRI"]
[SourceTitle "playchess.com"]
[Source "ChessBase"]
[SourceQuality "1"]

{[%evp 9,85,43,66,34,25,25,25,25,29,22,22,22,41,19,23,18,41,9,12,10,7,-13,18,-25,-21,-35,-37,-37,-33,-53,-49,-41,-16,-28,0,0,0,0,14,0,0,0,-2,-19,-18,-18,0,0,-20,-9,18,14,100,74,71,89,152,141,851,841,831,826,1804,1854,5385,5422,5089,1483,29993,29991,29998,29986,29986,29987,29987,29988,29988,29988]} 1. e4 c6 2. d4 d5 3. Nc3 {[%cal Bb1c3,Bc3e4,Be4c5][%mdl 32]} dxe4 4. Nxe4 h6 5. Nf3 Bf5 6. Nc5 {B15: Caro-Kann: 3 Nc3: 3...g6 and 3...dxe4 4 Nxe4 Nf6 5 Nxf6+ exf6} (6. Bd3 e6 7. Bf4 Bxe4 8. Bxe4 Bd6 9. Bd2 Nf6 10. Bd3 Nbd7 11. O-O {½-½ (20) Tiviakov,S (2623)-Burmakin,V (2579) Vrachati 2011}) 6... Nd7 7. Bd3 $146 ({Predecessor:} 7. Nxb7 Qb6 8. Nc5 Nxc5 9. dxc5 Qxc5 10. c3 Nf6 11. Be3 Qa5 12. Bd4 c5 13. Bxf6 {1-0 (24) Solozhenkin,E (2464)-Rozhko,D (2336) Kaliningrad 2015}) 7... Bxd3 8. Nxd3 {White has an edge.} e6 9. Qe2 Ngf6 10. O-O Be7 11. b3 O-O 12. Bb2 Qa5 13. Nfe5 Nxe5 14. Nxe5 Rad8 15. f4 Nd7 16. Ng4 Rfe8 17. Rf3 Nf6 18. Ne5 c5 19. Bc3 Qb6 20. dxc5 Qxc5+ 21. Kh1 Rd5 22. Bb2 Qb4 23. Nd3 Qa5 24. a4 Red8 25. h3 Ne8 26. g4 Bf6 27. Be5 R5d7 28. Raf1 Bxe5 29. fxe5 Nc7 30. Qf2 {[%cal Rf3f7]} Rf8 (30... b5 $1 $11 {remains equal.}) 31. h4 {[%cal Bh3h4,Bh4g5][%mdl 32]} Qd5 32. g5 hxg5 ({Black should try} 32... h5) 33. hxg5 $16 Qe4 $2 {[%mdl 8192]} (33... Na6 $16) 34. Nc5 $18 Qh7+ 35. Kg2 Re7 36. Rh1 Qg6 37. Qh4 {[%csl Gh1][%cal Rh4h8] [#]} f6 38. exf6 {Intending f7+! and mate.} Qxc2+ 39. Rf2 {White mates.} Qxc5 40. Qh8+ Kf7 41. fxg7+ Qxf2+ 42. Kxf2 Rg8 {[#]} 43. g6+ $1 {Precision: White = 62%, Black = 52%.} 1-0

[Event "Asian Junior-ch 2017-Open"]
[Site "Shiraz"]
[Date "2017.05.08"]
[Round "7"]
[White "Moradi, Sajad"]
[Black "Mousavi, Seyed Khalil"]
[Result "0-1"]
[WhiteElo "2021"]
[BlackElo "2435"]
[Annotator "TA"]
[PlyCount "48"]
[EventDate "2017.??.??"]
[EventType "swiss"]
[EventCountry "IRI"]
[SourceTitle "playchess.com"]
[Source "ChessBase"]
[SourceQuality "1"]

{[%evp 19,48,0,16,3,29,15,18,12,58,-77,-73,-87,-76,-201,-198,-200,-132,-227,-233,-313,-237,-481,-488,-493,-489,-688,-682,-680,-294,-746,-739]} 1. d4 d5 2. c4 e6 3. Nf3 Nf6 4. g3 Be7 5. Bg2 O-O 6. O-O dxc4 7. Qc2 b5 {[%cal Bb7b5,Bb5b4,Bb4b3][%mdl 32]} 8. a4 {E05: Open Catalan: 5 Nf3 Be7} b4 9. Nbd2 (9. Nfd2 c6 10. Nxc4 Qxd4 11. Rd1 Qc5 12. Nbd2 Ba6 13. b3 Nbd7 14. Bb2 Rad8 15. Rac1 Nb6 16. Bxf6 gxf6 {½-½ (30) Aronian,L (2797)-Nakamura,H (2767) Saint Louis 2014}) 9... Bb7 10. Nxc4 Be4 {LiveBook: 44 Games} 11. Qb3 Nc6 {[%cal Bb8c6,Bc6b4,Bb4c2][%mdl 32]} 12. e3 $146 ({Predecessor:} 12. Be3 Bd5 13. Qd3 Be4 14. Qd1 b3 15. Qxb3 Nd5 16. Qd1 Nxe3 17. fxe3 Nb4 18. Rc1 Na2 19. Ra1 Nb4 20. Rc1 Na2 21. Ra1 {½-½ (21) Gharamian,T (2670)-Brkic,A (2598) Biel 2011}) 12... Bd5 {[#] aiming for ...Na5!} 13. Qd3 b3 14. Ncd2 ({Wrong is} 14. Qxb3 $2 {[#]} Na5 $1 $19 {[%mdl 512]}) (14. Bd2 $14 {keeps the upper hand.}) 14... Nb4 15. Qc3 Rc8 $36 {[%cal Ba8c8,Bc8b8,Bb8b3,Bb3b7][%mdl 2080] Black has strong initiative.} 16. e4 (16. Ne1 $17) 16... Nxe4 $19 17. Nxe4 {Nc5 is the strong threat.} Bxe4 18. Qxb3 (18. Bg5 $17) 18... Nc2 19. Ra2 Rb8 ({Weaker is} 19... Nxd4 20. Nxd4 Bxg2 21. Kxg2 $17) 20. Qc3 $2 (20. Qc4) 20... Qd5 21. b3 Rxb3 22. Qxc7 (22. Rxc2 $142 Rxc3 23. Rxc3) 22... Bd6 ({Less strong is} 22... Bxf3 23. Bxf3 Qxf3 24. Rxc2 $15) 23. Qxa7 {and if Rxc2! works, White does fine.} Ra8 (23... Rb7 $142 24. Qxb7 Qxb7) 24. Qd7 $2 (24. Qxf7+ Kxf7 25. Ng5+ Qxg5 26. Bxg5 Bxg2 27. Kxg2) 24... Rb7 0-1

[Event "Asian Junior-ch 2017-Open"]
[Site "Shiraz"]
[Date "2017.05.09"]
[Round "8"]
[White "Firouzja, Alireza"]
[Black "Tran, Tuan Minh"]
[Result "1-0"]
[WhiteElo "2487"]
[BlackElo "2537"]
[Annotator "TA"]
[PlyCount "115"]
[EventDate "2017.??.??"]
[EventType "swiss"]
[EventCountry "IRI"]
[SourceTitle "playchess.com"]
[Source "ChessBase"]
[SourceQuality "1"]

{[%evp 13,115,6,13,0,54,47,60,-4,17,-25,-2,-37,-29,-33,-27,-92,-20,-25,0,0,36,42,54,8,9,2,2,15,25,25,18,50,24,6,12,25,25,22,32,30,37,18,92,70,89,66,89,88,112,56,201,221,217,212,271,279,266,279,271,264,261,164,200,205,195,216,203,215,219,208,244,158,178,126,98,72,72,68,88,89,112,124,95,103,164,164,629,608,950,906,918,0,0,0,876,895,848,874,874,874,872,856,856,849]} 1. e4 c5 2. Nf3 d6 3. d4 cxd4 4. Nxd4 Nf6 5. Nc3 a6 6. h3 e5 7. Nde2 b5 8. Ng3 {B90: Sicilian Najdorf: Unusual White 6th moves, 6 Be3 Ng4 and 6 Be3 e5} Bb7 (8... Nbd7 $11) (8... Qc7 9. Bd3 Be6 10. O-O Nbd7 11. f4 Be7 12. Qf3 O-O 13. Kh1 Qc6 14. f5 Bc4 15. Bg5 Rac8 {1-0 (41) Ragger,M (2697)-Xiong,J (2667) Wijk aan Zee 2017}) 9. Bg5 $14 Nbd7 10. a3 (10. Nh5 $14) 10... g6 $146 ({Predecessor:} 10... Be7 11. Nf5 O-O 12. Qf3 Nd5 13. exd5 Bxg5 14. Nxd6 Nc5 15. Nxb7 Nxb7 {1-0 (59) Turutin,A (2402)-Zhadanov,V (2295) Moscow 2011}) 11. Qf3 Rc8 12. Rd1 h6 13. Be3 Be7 14. Be2 (14. Bd3 $11 {keeps the balance.}) 14... Nb6 (14... h5 $17 {And now ...h4 would win.} 15. Bd3 Nc5) 15. O-O $11 Kf8 16. Rd2 Nc4 17. Bxc4 $1 Rxc4 18. Rfd1 Kg7 19. Rd3 Qd7 20. Qe2 Qc8 21. Qe1 (21. Rxd6 Bxd6 22. Rxd6 Qc7 $15) 21... Qe6 22. f3 Rhc8 23. Nf1 R4c7 24. Qd2 Ng8 25. Bb6 {[%cal Be3b6,Bb6a5,Ba5b4][%mdl 32]} Rd7 $1 26. Ba5 Bg5 27. Qf2 Ne7 (27... f5 $11) 28. h4 $16 Bf6 29. Bb4 {[%cal Rd3d6]} Rcd8 30. Ne3 h5 31. g3 (31. Ncd5 $16) 31... d5 (31... Kh7 $14) 32. exd5 $1 $18 (32. Bxe7 $6 Bxe7 33. Nexd5 (33. Ncxd5 Bc5 $11) 33... Bf8 $16) 32... Nxd5 33. Ncxd5 ({Stronger than} 33. Nexd5 Bxd5 34. Ba5 (34. Rxd5 Rxd5 35. Nxd5 Rxd5 $11) 34... Bc4 $11) 33... Bxd5 34. Ba5 ({Weaker is} 34. Rxd5 Rxd5 35. Nxd5 (35. Rxd5 Rxd5 36. Nxd5 Qxd5 $11) 35... Rxd5 $11) 34... Bc6 35. Bxd8 Bxd8 36. Rxd7 Bxd7 37. Nd5 Bc6 38. Nb4 Bd7 {White must now prevent ...Bb6.} 39. Nd3 $1 {[%cal Rd3c5]} Bb6 40. Nc5 Qc4 41. b4 Bf5 42. Qe3 Qxc2 43. Qxe5+ (43. Rc1 $18 Qb2 44. Qc3 Qxc3 45. Rxc3) 43... Kh7 $16 {( -> ...Bh3)} 44. Qd5 Be6 45. Qd4 $1 Bc4 46. Qd2 Qb3 47. Kg2 Qxa3 48. Ne4 Be3 (48... a5 $16) 49. Qc3 $18 Qa2+ $2 {[#]} (49... Qxc3 50. Nxc3 Bh6) 50. Kh1 $1 {White wants to mate with Nf6+.} Qe2 51. Nf6+ Kh6 52. Ng8+ Kh7 53. Nf6+ $40 {[%mdl 128] White is up to no good.} Kh6 {[#]} 54. Ng4+ $1 {[%mdl 512] White is clearly winning.} Kh7 (54... hxg4 55. Qh8#) 55. Nxe3 Qxf3+ 56. Kh2 Qe2+ 57. Kg1 Qf3 58. Qe5 {Precision: White = 63%, Black = 34%.} 1-0

[Event "Asian Junior-ch 2017-Open"]
[Site "Shiraz"]
[Date "2017.05.09"]
[Round "8"]
[White "Mousavi, Seyed Khalil"]
[Black "Khodashenas, Mersad"]
[Result "0-1"]
[WhiteElo "2435"]
[BlackElo "2410"]
[Annotator "TA"]
[PlyCount "92"]
[EventDate "2017.??.??"]
[EventType "swiss"]
[EventCountry "IRI"]
[SourceTitle "playchess.com"]
[Source "ChessBase"]
[SourceQuality "1"]

{[%evp 20,92,-26,-26,-20,-50,-48,-57,-55,-45,0,-22,-15,-20,0,-21,-17,-16,-20,-35,0,0,0,0,0,-14,-16,-21,0,-60,-63,-84,-19,-86,-86,-94,-83,-148,-124,-158,0,0,0,-156,-139,-144,-139,-106,-106,-181,-181,-234,-222,-235,-216,-345,-342,-324,-277,-277,-284,-283,-275,-272,-280,-283,-277,-295,-246,-263,-268,-269,-256,-1949,-1825]} 1. d4 Nf6 2. Nf3 e6 3. Bf4 c5 4. e3 Qb6 5. Qc1 Nc6 6. c3 Nh5 {A46: 1 d4 Nf6 2 Nf3 e6: Torre, London and Colle Systems} 7. Bg5 (7. Bg3 h6 8. Nbd2 d5 9. Bd3 Be7 10. O-O Nxg3 11. hxg3 O-O 12. a3 a5 13. a4 Bd7 14. Bb5 {½-½ (48) Kamsky,G (2721)-Giri,A (2734) Beijing 2013}) 7... h6 8. Bh4 g5 9. Bg3 Nxg3 10. hxg3 Bg7 11. Nbd2 {LiveBook: 3 Games} d5 {[%cal Rc5d4]} 12. Bd3 Bd7 13. a4 $146 ({Predecessor:} 13. Rb1 Rc8 14. Qd1 {0-1 (30) Weitzer,S (2281)-Hoepfl,T (2338) Germany 2011}) 13... Rc8 {[%cal Rc5d4]} 14. Qb1 f5 15. Bb5 (15. a5 $5 Qc7 16. dxc5 $11) 15... g4 16. Nh4 $1 Ne7 17. Bxd7+ Kxd7 18. Qa2 Ke8 19. a5 Qa6 20. Nb3 c4 $36 {[%mdl 2048] Black is pushing.} 21. Nc5 Qc6 22. Qa4 Kf7 $1 23. Qxc6 bxc6 24. Kd2 (24. f3 $11) 24... Rb8 $15 25. Kc2 Bf6 ({Better is} 25... Ng8 $1 $17) 26. Rhb1 (26. a6 $11 {keeps the balance.}) 26... Nc8 $17 {[%cal Be7c8,Bc8d6,Bd6c4,Bc4b2][%mdl 32]} 27. b3 Nd6 28. bxc4 (28. b4 $142) 28... Nxc4 29. Kd3 Nb2+ 30. Kc2 $1 {And now Na6 would win.} Nc4 31. Kd3 $1 Rb2 32. Rxb2 Nxb2+ 33. Ke2 {Black must now prevent Rb1.} Rb8 $1 ({Much weaker is} 33... Nc4 $6 34. Rb1 $11) 34. a6 (34. Rb1 $17 Rb5 35. Nd7) 34... Rb5 $1 $19 35. Rb1 {[#]} (35. Ra2 $142) 35... Be7 $1 36. Nd7 {[#]} Bd6 $1 ({Don't do} 36... Nc4 37. Rxb5 cxb5 38. f3 $17) 37. f4 (37. Kf1 $142) 37... Na4 38. Rc1 Rb2+ 39. Kf1 Nb6 40. Nxb6 Rxb6 {[%mdl 4096] Endgame KRB-KRN} 41. Ra1 Rb3 42. Ke2 c5 ({Not} 42... Rxc3 43. Rb1 $17) 43. Kd3 Rb2 {[%csl Gd5][%cal Rc5c4]} 44. dxc5 Bxc5 45. Ra4 Kf6 46. c4 $2 (46. Ra5 Bb6 47. Ra1) 46... Bb4 {Precision: White = 54%, Black = 74%.} (46... Rb3+ $2 47. Kc2 $19) 0-1

[Event "Asian Junior-ch 2017-Open"]
[Site "Shiraz"]
[Date "2017.05.09"]
[Round "8"]
[White "Gholami, Aryan"]
[Black "Mosadeghpour, Masoud"]
[Result "1/2-1/2"]
[WhiteElo "2423"]
[BlackElo "2444"]
[Annotator "TA"]
[PlyCount "36"]
[EventDate "2017.??.??"]
[EventType "swiss"]
[EventCountry "IRI"]
[SourceTitle "playchess.com"]
[Source "ChessBase"]
[SourceQuality "1"]

{[%evp 24,36,0,-16,9,37,16,0,83,39,56,0,4,3,35]} 1. c4 g6 2. Nf3 Bg7 3. Nc3 c5 4. g3 Nc6 5. Bg2 e6 6. O-O Nge7 7. d3 O-O 8. Bd2 b6 9. a3 Bb7 10. Rb1 d5 11. b4 cxb4 12. axb4 dxc4 13. dxc4 Nf5 {A37: Symmetrical English vs ...g6: 4 Bg2 Bg7 5 Nf3} 14. c5 bxc5 15. bxc5 {[#]} Na5 $146 (15... Rb8 $11 {remains equal.}) ({Predecessor:} 15... Qc8 16. g4 Nfd4 17. Nxd4 Bxd4 18. Qa4 Bxc3 19. Bxc3 Nd8 20. Rxb7 Nxb7 21. c6 {1-0 (33) Zhao,X (2565)-Cramling,P (2516) Beijing 2012}) 16. g4 Ne7 17. Nb5 (17. Qc2 $14) 17... Be4 $1 $11 {[%cal Re4b1]} 18. Rb4 Bd5 1/2-1/2